| 000 | 00806cab a2200277 4500 | ||
|---|---|---|---|
| 001 | ABS51992 | ||
| 008 | 090401t1994 xxu||||| |||| 00| 0 eng d | ||
| 035 | _a(Sirsi) u54003 | ||
| 041 | _aeng | ||
| 100 | _aNicholson, P. | ||
| 245 | _aWhole project computing | ||
| 260 | _c1994 | ||
| 350 | _a0 | ||
| 490 |
_aArchitects` Journal _v200(21) 1 December 1994, 39-41(3) |
||
| 520 | _aDiscusses a project in which a complex brief was managed by integrating CAD and project management. | ||
| 650 | _aCAD MANAGEMENT | ||
| 650 | _aCAD | ||
| 650 | _aCOMPUTER AIDED DESIGN | ||
| 650 | _aPROJECT BRIEF | ||
| 650 | _aMANAGEMENT-PROJECT MANAGEMENT | ||
| 650 | _aSOUTHAMPTON OCEANOGRAPHY CENTRE | ||
| 650 | _aSPACE PLANNING | ||
| 690 |
_aProject management _96261 |
||
| 942 | _n0 | ||
| 948 | _c04/03/1997 | ||
| 999 |
_c33132 _d33132 |
||